Lead-free soldering of superconducting tapes using different fluxes

Enregistré dans:
Détails bibliographiques
Auteur principal: Hulačová, Simona (Auteur)
Autres auteurs: Pekarčíková, Marcela (Directeur de thèse)
Format: Manuscrit Livre
Langue:slovaque
anglais
Publié: 2020
Sujets:
Accès en ligne:http://is.stuba.sk/zp/portal_zp.pl?podrobnosti=141354
Tags: Ajouter un tag
Pas de tags, Soyez le premier à ajouter un tag!

MARC

LEADER 00000ntm a22000003a 4500
001 stuzp78954
003 SK-STU
005 20200718211209.0
007 ta
008 150427s2015----xo-----f-mn---000-0-slo-d
040 |a STU  |b slo 
041 0 |a eng 
100 1 |a Hulačová, Simona  |u 061000  |4 aut  |U MTF Materiálovotechnologická fakulta  |T MTF Ústav materiálov  |U M1000  |Y 81 
242 0 1 |a Spájkovanie supravodivých pások bezolovnatými spájkami prostredníctvom rôznych tavív  |y slo 
245 1 0 |a Lead-free soldering of superconducting tapes using different fluxes 
260 |c 2020 
650 4 |a spájanie supravodivých pások  |2 slo 
650 4 |a bezolovnaté spájkovanie  |2 slo 
650 4 |a tavivá na spájkovanie  |2 slo 
650 4 |a vysokoteplotný supravodič  |2 slo 
650 4 |a high-temperature superconductor  |2 eng 
650 4 |a joining of superconducting tapes  |2 eng 
650 4 |a lead-free soldering  |2 eng 
650 4 |a solder flux  |2 eng 
700 1 |a Pekarčíková, Marcela  |u 061000  |k Z2  |4 ths  |U MTF Materiálovotechnologická fakulta  |T MTF Ústav materiálov  |X 4722  |U M1000  |Y 81  |7 A000004722 
856 4 |u http://is.stuba.sk/zp/portal_zp.pl?podrobnosti=141354